On This Day: October 6th Quiz Stats

 Plays Quiz Updated Oct 6, 2017

Challenge
Share
Tweet
Embed
Score 0/7 Timer 03:00
0 Plays Today
Question Answer Wrong Answers
This man arrives in Philadelphia, where he would go on to become a prominent author, scientist, statesman, and Founding Father of the United States.
1723
Benjamin Franklin
91.3%
Alexander Hamilton
4.9%
Patrick Henry
1.4%
Andrew Jackson
2.3%
Pope John Paul II becomes the first pontiff to visit the ______.
1979
White House
89.7%
Golden Gate Bridge
1.6%
Space Needle
1.6%
Statue of Liberty
5.1%
The first prominent ‘______’ movie, ‘The Jazz Singer’, is released.
1927
Talkie
84.3%
Speakeasy
8.4%
Chatterbox
3.8%
Sounder
2.8%
This Egyptian President, a Nobel Prize laureate, is murdered by Islamic extremists.
1981
Anwar Sadat
74.7%
Hosni Mubarak
5.8%
Yasser Arafat
12.8%
Ahmed Shafik
4.6%
51 Pegasi is discovered to be the second major star apart from the Sun to have ______ orbiting around it.
1995
A Planet
73.7%
An Asteroid Belt
6.7%
A Comet
4%
Another Star
13.2%
Egypt launches a coordinated attack with Syria against Israel, leading to this war.
1973
Yom Kippur War
66.6%
Suez Crisis
10.3%
Gulf War
7.7%
Gaza War
14.1%
New Premier Hua Guofeng orders the arrest of this political faction, signaling the end of the Cultural Revolution in the People's Republic of China.
1976
Gang of Four
50.7%
Culture Club
4.1%
People’s Party
35.6%
New Order
7.8%

Today's Daily Dose

You're not logged in!

Compare scores with friends on all Sporcle quizzes.
OR
Log In

You Might Also Like...

Show Comments

Extras

Top Quizzes Today


Score Distribution

Your Account Isn't Verified!

In order to create a playlist on Sporcle, you need to verify the email address you used during registration. Go to your Sporcle Settings to finish the process.

Report this User

Report this user for behavior that violates our Community Guidelines.

Details: